Propuesta para establecer una línea de producción con Justo a Tiempo en la elaboración de productos de venoclisis para aplicación de volúmenes medidos /

I tiakina i:
Ngā taipitopito rārangi puna kōrero
Kaituhi matua: Calvo Méndez, Adriana (autor)
Hōputu: Tuhinga whakapae Pukapuka
Reo:Pāniora
I whakaputaina: Guadalajara, México : edición de autor, 1996
Ngā marau:
Ngā Tūtohu: Tāpirihia he Tūtohu
Kāore He Tūtohu, Me noho koe te mea tuatahi ki te tūtohu i tēnei pūkete!

MARC

LEADER 00000nam^a2200000^a^4500
001 000047999
005 20250521000000.0
009 20260310090113.174
037 |a Acervo ITESO - Biblioteca 
041 |a ESP 
090 |a IIN. 253 
100 |a Calvo Méndez, Adriana  |e (autor) 
245 1 0 |a Propuesta para establecer una línea de producción con Justo a Tiempo en la elaboración de productos de venoclisis para aplicación de volúmenes medidos /  |c A. Calvo Méndez. 
264 1 |a Guadalajara, México :  |b edición de autor,  |c 1996 
300 |a 100 p. 
336 |a texto  |b txt  |2 rdacontenido 
337 |a sin mediación  |b n  |2 rdamedio 
338 |a volumen  |b nc  |2 rdasoporte 
502 |a ITESO Tesis de Licenciatura en Ingeniería Industrial 
649 |a XX 
650 |a Tiempos y Movimientos 
650 |a Administración de Proyectos 
650 |a Ingeniería de Procesos 
650 |a Ingeniería Industrial 
650 |a Industria Farmacéutica 
910 |a Fondo General 
920 |a Impresos - Tesis del ITESO 
930 |a Colección General 
905 |a 104 
901 |a 0500003447  |b IT2  |c TSS  |u 20250521 
902 |a https://opac.biblio.iteso.mx/vufind/Record/000047999